Online
Catalog

Relato de un náufrago / (Record no. 45165)

MARC details
000 -CABECERA
campo de control de longitud fija 00712nam a2200193 a 4500
001 - NÚMERO DE CONTROL
campo de control 000045676
005 - FECHA Y HORA DE LA ÚLTIMA TRANSACCIÓN
campo de control 20240305135410.0
008 - DATOS DE LONGITUD FIJA--INFORMACIÓN GENERAL
campo de control de longitud fija 111024s1982 sp a 000 f spa d
040 ## - FUENTE DE LA CATALOGACIÓN
Centro catalogador/agencia de origen DO-SdBNP
Lengua de catalogación spa
Centro/agencia transcriptor BNPHU
082 ## - NÚMERO DE LA CLASIFICACIÓN DECIMAL DEWEY
Número de clasificación 910.4
Número de documento/Ítem G216r
100 1# - ENTRADA PRINCIPAL--NOMBRE DE PERSONA
Nombre de persona García Márquez, Gabriel,
Numeración 1928-2014
Fechas asociadas al nombre 1928-
9 (RLIN) 1804
245 10 - MENCIÓN DE TÍTULO
Título Relato de un náufrago /
Mención de responsabilidad, etc. Gabriel García Márquez.
260 ## - PUBLICACIÓN, DISTRIBUCIÓN, ETC.
Lugar de publicación, distribución, etc. Barcelona :
Nombre del editor, distribuidor, etc. Tusquets editor,
Fecha de publicación, distribución, etc. [1982].
300 ## - DESCRIPCIÓN FÍSICA
Extensión 141 p. :
Otras características físicas il. ;
Dimensiones 19 cm.
590 ## - NOTA LOCAL (RLIN)
Nota local Perteneció a la biblioteca personal de Erick Landestoy
600 14 - PUNTO DE ACCESO ADICIONAL DE MATERIA--NOMBRE DE PERSONA
Nombre de persona VELASCO, LUIS ALEJANDRO
9 (RLIN) 60554
650 #4 - PUNTO DE ACCESO ADICIONAL DE MATERIA--TÉRMINO DE MATERIA
Término de materia o nombre geográfico como elemento de entrada Supervivencia después de accidentes aereos, naufragios, etc.
9 (RLIN) 60555
650 #4 - PUNTO DE ACCESO ADICIONAL DE MATERIA--TÉRMINO DE MATERIA
Término de materia o nombre geográfico como elemento de entrada Marinos
Subdivisión geográfica Colombia
Subdivisión general Biografía
9 (RLIN) 60556
Holdings
Estado de retiro Estado de pérdida Restricciones de uso No para préstamo Código de colección Localización permanente Ubicación/localización actual Ubicación en estantería Fecha de adquisición Número de inventario Total de préstamos Signatura topográfica completa Código de barras Fecha visto por última vez Precio válido a partir de Tipo de ítem Koha Nota pública
      Excluido de préstamo Monografías: Libros y Folletos Patrimonio Dominicano Patrimonio Dominicano Depósito 24.04.2015 LF1   910.4 G216r 45676-10 25.06.2020 25.06.2020 No se presta Perteneció a la biblioteca personal de Erick Landestoy

Powered by Koha